| 000 | 01880nam0a2200325 4500 | ||
|---|---|---|---|
| 001 | RU\NLR\bibl\1257286 | ||
| 005 | 20260407185319.0 | ||
| 021 |
_aRU _b2008-46049 _92543 |
||
| 035 | _a(NLR Aleph) 001243309 | ||
| 090 |
_a272711 _c272711 |
||
| 100 | _a20080731d2008 |||y0rusy50 ca | ||
| 101 | 0 | _arus | |
| 102 | _aRU | ||
| 105 | _aa ||||||||| | ||
| 200 | 1 |
_aОбразовательная среда колледжа: ориентация на развитие личности _eсборник научно-методических материалов по итогам деятельности федеральной экспериментальной площадки _fМ-во образования и науки Рос. Федерации, Федер. агентство по образованию, Калмыц. гос. финансово-экон. колледж _g[науч. ред.: Н.В. Ходякова, к.п.н., доц.] |
|
| 210 |
_aЭлиста _cДжангар _d2008 |
||
| 215 |
_a200 с. _cил. _d21 |
||
| 320 | _aБиблиогр. в конце ст. | ||
| 606 | 1 |
_aПедагогический эксперимент _jСборники _91833666 _3RU\NLR\auth\66829375 |
|
| 606 | 1 |
_aУчреждения среднего профессионального образования _jСборники _xУчебно-воспитательная работа _92460158 _3RU\NLR\auth\661461908 |
|
| 686 | _aЧ30в6.я43 | ||
| 686 | _aЧ471.2я43 | ||
| 686 | _aЧ471.3я43 | ||
| 702 | 1 |
_aХодякова _bН. В. _gНаталия Владимировна _4340 |
|
| 712 | 0 | 2 |
_4570 _aКалмыцкий государственный финансово-экономический колледж _cЭлиста _3RU\NLR\AUTH\8810121660 _9741435 |
| 801 | 0 |
_aRU _bNLR _c20080731 _gRCR |
|
| 801 | 1 |
_aRU _bNLR _c20080731 |
|
| 942 | _cBOOK | ||
| 980 | _aNB | ||